000
00302nam a2200109Ia 4500
008
190216s9999||||xx |||||||||||||| ||und||
100
_a
Vinod Kumar G Arg &ventkitta Krishnan
245
0
_a
Enterprise Resource Planning
260
_b
Prentice Hall Of India Pvt Ltd
_c
2003
300
_a
185p
942
_c
BK
999
_c
6282
_d
6282